Biggest cities in the world throughout history-EXTREME - Statistics

General Stats
  • This quiz has been taken 2,381 times
  • The average score is 331 of 500
Answer Stats
Antwort modern day country % Correct
1000 Cairo Egypt
98%
1100 Cairo Egypt
98%
1150 Cairo Egypt
98%
1200 Cairo Egypt
98%
1250 Cairo Egypt
98%
1300 Cairo Egypt
98%
1350 Cairo Egypt
98%
1400 Cairo Egypt
98%
1450 Cairo Egypt
98%
1500 Cairo Egypt
98%
1550 Cairo Egypt
98%
1600 Cairo Egypt
98%
2000 Cairo Egypt
98%
2005 Cairo Egypt
98%
2010 Cairo Egypt
98%
2015 Cairo Egypt
98%
2020 Cairo Egypt
98%
2024 Cairo Egypt
98%
2030 estimates Cairo Egypt
98%
2035 estimates Cairo Egypt
98%
2010 Beijing China
96%
2015 Beijing China
96%
2020 Beijing China
96%
2024 Beijing China
96%
2035 estimates Beijing China
96%
361 AD Constantinople Turkey
96%
500 AD Constantinople Turkey
96%
622 AD Constantinople Turkey
96%
800 AD Constantinople Turkey
96%
900 AD Constantinople Turkey
96%
1000 Constantinople Turkey
96%
1100 Constantinople Turkey
96%
1150 Constantinople Turkey
96%
1200 Constantinople Turkey
96%
1500 Constantinople Turkey
96%
1550 Constantinople Turkey
96%
1600 Constantinople Turkey
96%
1650 Constantinople Turkey
96%
1700 Constantinople Turkey
96%
1750 Constantinople Turkey
96%
1800 Constantinople Turkey
96%
1825 Constantinople Turkey
96%
1850 Constantinople Turkey
96%
1875 Constantinople Turkey
96%
1650 London United Kingdom
96%
1700 London United Kingdom
96%
1750 London United Kingdom
96%
1800 London United Kingdom
96%
1825 London United Kingdom
96%
1850 London United Kingdom
96%
1875 London United Kingdom
96%
1900 London United Kingdom
96%
1925 London United Kingdom
96%
1950 London United Kingdom
96%
1960 London United Kingdom
96%
1970 London United Kingdom
96%
1975 London United Kingdom
96%
1250 Paris France
96%
1300 Paris France
96%
1350 Paris France
96%
1400 Paris France
96%
1450 Paris France
96%
1500 Paris France
96%
1550 Paris France
96%
1600 Paris France
96%
1650 Paris France
96%
1700 Paris France
96%
1750 Paris France
96%
1800 Paris France
96%
1825 Paris France
96%
1850 Paris France
96%
1875 Paris France
96%
1900 Paris France
96%
1925 Paris France
96%
1950 Paris France
96%
1960 Paris France
96%
1970 Paris France
96%
1975 Paris France
96%
1250 Peking China
96%
1300 Peking China
96%
1350 Peking China
96%
1400 Peking China
96%
1500 Peking China
96%
1550 Peking China
96%
1650 Peking China
96%
1800 Peking China
96%
1825 Peking China
96%
1850 Peking China
96%
1875 Peking China
96%
1875 Tokyo Japan
96%
1900 Tokyo Japan
96%
1925 Tokyo Japan
96%
1950 Tokyo Japan
96%
1960 Tokyo Japan
96%
1970 Tokyo Japan
96%
1975 Tokyo Japan
96%
1980 Tokyo Japan
96%
1990 Tokyo Japan
96%
2000 Tokyo Japan
96%
2005 Tokyo Japan
96%
2010 Tokyo Japan
96%
2015 Tokyo Japan
96%
2020 Tokyo Japan
96%
2024 Tokyo Japan
96%
2030 estimates Tokyo Japan
96%
2035 estimates Tokyo Japan
96%
1650 Yedo Japan
96%
1700 Yedo Japan
96%
1750 Yedo Japan
96%
1800 Yedo Japan
96%
1825 Yedo Japan
96%
1850 Yedo Japan
96%
1850 New York City United States
95%
1875 New York City United States
95%
1900 New York City United States
95%
1925 New York City United States
95%
1950 New York City United States
95%
1960 New York City United States
95%
1970 New York City United States
95%
1975 New York City United States
95%
1980 New York City United States
95%
1990 New York City United States
95%
2000 New York City United States
95%
2005 New York City United States
95%
2010 New York City United States
95%
2015 New York City United States
95%
200 BC Rome Italy
95%
100 AD Rome Italy
95%
361 AD Rome Italy
95%
500 AD Rome Italy
95%
2030 estimates Beijing China
94%
1350 Delhi India
94%
2000 Delhi India
94%
2005 Delhi India
94%
2010 Delhi India
94%
2015 Delhi India
94%
2020 Delhi India
94%
2024 Delhi India
94%
2030 estimates Delhi India
94%
2035 estimates Delhi India
94%
1950 Moscow Russia
93%
1960 Moscow Russia
93%
1975 Moscow Russia
93%
1950 Shanghai China
93%
1960 Shanghai China
93%
2000 Shanghai China
93%
2005 Shanghai China
93%
2010 Shanghai China
93%
2015 Shanghai China
93%
2020 Shanghai China
93%
2024 Shanghai China
93%
2030 estimates Shanghai China
93%
2035 estimates Shanghai China
93%
1850 Berlin Germany
92%
1875 Berlin Germany
92%
1900 Berlin Germany
92%
1925 Berlin Germany
92%
1850 Bombay India
92%
1980 Bombay India
92%
1990 Bombay India
92%
1970 Mexico City Mexico
92%
1975 Mexico City Mexico
92%
1980 Mexico City Mexico
92%
1990 Mexico City Mexico
92%
2000 Mexico City Mexico
92%
2005 Mexico City Mexico
92%
2010 Mexico City Mexico
92%
2015 Mexico City Mexico
92%
2020 Mexico City Mexico
92%
2024 Mexico City Mexico
92%
2030 estimates Mexico City Mexico
92%
2035 estimates Mexico City Mexico
92%
2000 Mumbai India
92%
2005 Mumbai India
92%
2010 Mumbai India
92%
2015 Mumbai India
92%
2020 Mumbai India
92%
2024 Mumbai India
92%
2030 estimates Mumbai India
92%
2035 estimates Mumbai India
92%
1960 Los Angeles United States
91%
1970 Los Angeles United States
91%
1975 Los Angeles United States
91%
1980 Los Angeles United States
91%
1990 Los Angeles United States
91%
200 BC Alexandria Egypt
90%
100 AD Alexandria Egypt
90%
361 AD Alexandria Egypt
90%
500 AD Alexandria Egypt
90%
622 AD Alexandria Egypt
90%
900 AD Alexandria Egypt
90%
800 AD Baghdad Iraq
90%
900 AD Baghdad Iraq
90%
1000 Baghdad Iraq
90%
1100 Baghdad Iraq
90%
1600 Osaka Japan
90%
1650 Osaka Japan
90%
1700 Osaka Japan
90%
1750 Osaka Japan
90%
1800 Osaka Japan
90%
1925 Osaka Japan
90%
1960 Osaka Japan
90%
1970 Osaka Japan
90%
1975 Osaka Japan
90%
1980 Osaka Japan
90%
1990 Osaka Japan
90%
2000 Osaka Japan
90%
2005 Osaka Japan
90%
2010 Osaka Japan
90%
2015 Osaka Japan
90%
2020 Osaka Japan
90%
2024 Osaka Japan
90%
1925 Buenos Aires Argentina
89%
1950 Buenos Aires Argentina
89%
1960 Buenos Aires Argentina
89%
1970 Buenos Aires Argentina
89%
1975 Buenos Aires Argentina
89%
1980 Buenos Aires Argentina
89%
1990 Buenos Aires Argentina
89%
1825 Saint Petersburg Russia
89%
1850 Saint Petersburg Russia
89%
1875 Saint Petersburg Russia
89%
1900 Saint Petersburg Russia
89%
1900 Chicago United States
88%
1925 Chicago United States
88%
1950 Chicago United States
88%
1960 Chicago United States
88%
1970 São Paulo Brazil
88%
1975 São Paulo Brazil
88%
1980 São Paulo Brazil
88%
1990 São Paulo Brazil
88%
2000 São Paulo Brazil
88%
2005 São Paulo Brazil
88%
2010 São Paulo Brazil
88%
2015 São Paulo Brazil
88%
2020 São Paulo Brazil
88%
2024 São Paulo Brazil
88%
2030 estimates São Paulo Brazil
88%
2035 estimates São Paulo Brazil
88%
1550 Naples Italy
87%
1600 Naples Italy
87%
1750 Naples Italy
87%
1800 Naples Italy
87%
1825 Naples Italy
87%
1980 Rio de Janeiro Brazil
87%
1875 Vienna Austria
85%
1900 Vienna Austria
85%
430 BC Athens Greece
84%
2005 Kolkata India
84%
2020 Dhaka Bangladesh
82%
2024 Dhaka Bangladesh
82%
2030 estimates Dhaka Bangladesh
82%
2035 estimates Dhaka Bangladesh
82%
1000 BC Jerusalem Israel/Palestine
82%
800 BC Jerusalem Israel/Palestine
82%
650 BC Jerusalem Palestine/Israel
82%
800 AD Kyoto Japan
82%
900 AD Kyoto Japan
82%
1000 Kyoto Japan
82%
1100 Kyoto Japan
82%
1150 Kyoto Japan
82%
1350 Kyoto Japan
82%
1400 Kyoto Japan
82%
1450 Kyoto Japan
82%
1600 Kyoto Japan
82%
1650 Kyoto Japan
82%
1700 Kyoto Japan
82%
1750 Kyoto Japan
82%
1800 Kyoto Japan
82%
1825 Kyoto Japan
82%
1900 Manchester United Kingdom
82%
1950 Calcutta India
81%
1970 Calcutta India
81%
1980 Calcutta India
81%
1990 Calcutta India
81%
2000 Calcutta India
81%
1450 Peking China
81%
1600 Peking China
81%
1700 Peking China
81%
1750 Peking China
81%
1990 Seoul South Korea
81%
1250 Canton China
79%
1300 Canton China
79%
1350 Canton China
79%
1400 Canton China
79%
1450 Canton China
79%
1500 Canton China
79%
1550 Canton China
79%
1750 Canton China
79%
1800 Canton China
79%
1825 Canton China
79%
1850 Canton China
79%
2030 estimates Kinshasa DR Congo
79%
2035 estimates Kinshasa DR Congo
79%
1300 Venice Italy
79%
1550 Venice Italy
79%
1875 Philadelphia United States
78%
1900 Philadelphia United States
78%
1925 Philadelphia United States
78%
1000 BC Chang‘an China
75%
800 BC Chang‘an China
75%
200 BC Chang‘an China
75%
361 AD Chang’an China
75%
500 AD Chang’an China
75%
622 AD Chang’an China
75%
800 AD Chang‘an China
75%
900 AD Chang‘an China
75%
1300 Xi‘an China
75%
1350 Xi‘an China
75%
1800 BC Thebes Egypt
74%
1200 BC Thebes Egypt
74%
1650 Lahore Pakistan
68%
1100 Seville Spain
66%
1200 Seville Spain
66%
1600 BC Babylon Iraq
64%
1000 BC Babylon Iraq
64%
800 BC Babylon Iraq
64%
650 BC Babylon Iraq
64%
430 BC Babylon Iraq
64%
361 AD Nanking China
63%
500 AD Nanking China
63%
1250 Nanking China
63%
1400 Nanking China
63%
1450 Nanking China
63%
1500 Nanking China
63%
1550 Nanking China
63%
200 BC Carthage Tunisia
62%
100 AD Carthage Tunisia
62%
500 AD Carthage Tunisia
62%
1100 Fez Morocco
61%
1150 Fez Morocco
61%
1200 Fez Morocco
61%
1250 Fez Morocco
61%
1300 Fez Morocco
61%
1350 Fez Morocco
61%
1100 Marrakesh Morocco
58%
1150 Marrakesh Morocco
58%
1200 Marrakesh Morocco
58%
1250 Marrakesh Morocco
58%
622 AD Aleppo Syria
54%
622 AD Chengdu China
52%
1450 Granada Spain
52%
1800 BC Memphis Egypt
52%
1600 BC Memphis Egypt
52%
1360 BC Memphis Egypt
52%
1200 BC Memphis Egypt
52%
1000 BC Memphis Egypt
52%
800 BC Memphis Egypt
52%
650 BC Memphis Egypt
52%
430 BC Memphis Egypt
52%
1925 The Ruhr Germany
51%
1950 The Ruhr Germany
51%
800 AD Cordova Spain
50%
900 AD Cordova Spain
50%
1000 Cordova Spain
50%
1200 Palermo Italy
49%
1600 Agra India
48%
1000 Angkor Cambodia
44%
1100 Angkor Cambodia
44%
1150 Angkor Cambodia
44%
1200 Angkor Cambodia
44%
100 AD Smyrna Turkey
44%
1700 Ahmedabad India
43%
1650 Isfahan Iran
43%
1700 Isfahan Iran
43%
1000 BC Pyongyang North Korea
43%
1150 Hangchow China
40%
1200 Hangchow China
40%
1250 Hangchow China
40%
1300 Hangchow China
40%
1350 Hangchow China
40%
1400 Hangchow China
40%
1450 Hangchow China
40%
1500 Hangchow China
40%
1550 Hangchow China
40%
1600 Hangchow China
40%
1700 Hangchow China
40%
1750 Hangchow China
40%
1800 Hangchow China
40%
1825 Hangchow China
40%
1360 BC Thebes Egypt
39%
1000 BC Thebes Egypt
39%
800 BC Thebes Egypt
39%
800 AD Basra Iraq
37%
1400 Samarkand Uzbekistan
34%
430 BC Syracuse Italy
30%
200 BC Syracuse Italy
30%
1300 Tabriz Iran
28%
1400 Tabriz Iran
28%
1450 Tabriz Iran
28%
1500 Tabriz Iran
28%
430 BC Corinth Greece
23%
1600 BC Nineveh Iraq
22%
1360 BC Nineveh Iraq
22%
1200 BC Nineveh Iraq
22%
800 BC Nineveh Iraq
22%
650 BC Nineveh Iraq
22%
430 BC Patna India
20%
200 BC Patna India
20%
361 AD Patna India
20%
1200 BC Uruk Iraq
20%
1000 BC Luoyang China
19%
800 BC Luoyang China
19%
650 BC Luoyang China
19%
430 BC Luoyang China
19%
100 AD Luoyang China
19%
500 AD Luoyang China
19%
622 AD Luoyang China
19%
800 AD Luoyang China
19%
900 AD Luoyang China
19%
200 BC Antioch Turkey
18%
100 AD Antioch Turkey
18%
361 AD Antioch Turkey
18%
500 AD Antioch Turkey
18%
100 AD Soochow China
15%
361 AD Ye China
15%
800 AD Lhasa China
14%
1150 Merv Turkmenistan
14%
800 AD Ray Iran
14%
1600 BC Knossos Greece
13%
1360 BC Knossos Greece
13%
361 AD Teotihuacán Mexico
13%
500 AD Teotihuacán Mexico
13%
1000 Kaifeng China
12%
1100 Kaifeng China
12%
1150 Kaifeng China
12%
1800 BC Susa Iran
11%
1600 BC Susa Iran
11%
361 AD Ctesiphon Iraq
10%
500 AD Ctesiphon Iraq
10%
622 AD Ctesiphon Iraq
10%
1200 BC Dur-Kurigalzu Iraq
10%
1150 Pagan Myanmar
10%
1200 Pagan Myanmar
10%
1250 Pagan Myanmar
10%
1200 BC Susa Iran
10%
1000 BC Susa Iran
10%
1800 BC Mohenjo-daro Pakistan
9%
100 AD Peshawar Pakistan
9%
1350 Sarai Russia
8%
1800 BC Kerma Sudan
7%
1600 BC Kerma Sudan
7%
1360 BC Mycenae Greece
7%
1200 BC Mycenae Greece
7%
1800 BC Asyut Egypt
6%
1800 BC Heliopolis Egypt
6%
1360 BC Heliopolis Greece
6%
1800 BC Mari Syria
6%
1400 Vijayanagar India
6%
1450 Vijayanagar India
6%
1500 Vijayanagar India
6%
1550 Vijayanagar India
6%
1600 BC Hattusha Turkey
5%
1360 BC Hattusha Turkey
5%
1200 BC Hattusha Turkey
5%
900 AD Kairwan Tunisia
5%
1200 Kamakura Japan
5%
1250 Kamakura Japan
5%
1300 Kamakura Japan
5%
200 BC Seleucia Iraq
5%
100 AD Seleucia Iraq
5%
1200 BC Anyang China
4%
1600 BC Avaris Egypt
4%
1360 BC Ao China
3%
1800 BC Heracleopolis Egypt
3%
1800 BC Isin Iraq
3%
650 BC Linzi China
3%
800 BC Nimrud Iraq
3%
1000 Nishapur Iran
3%
1000 BC Sheba Yemen
3%
800 BC Sheba Yemen
3%
1360 BC Amarna Egypt
2%
100 AD Anuradhapura Sri Lanka
2%
1600 Bijapur India
2%
1650 Bijapur India
2%
1360 BC Dur-Kurigalzu Iraq
2%
430 BC Ecbatana Iran
2%
800 AD Fustat Egypt
2%
900 AD Fustat Egypt
2%
1500 Gaur India
2%
1600 BC Hazor Israel/Palestine
2%
650 BC Marib Yemen
2%
650 BC Miletus Turkey
2%
200 BC Pingcheng China
2%
650 BC Sais Egypt
2%
1600 BC Setúbal Portugal
2%
200 BC Ujjain India
2%
1000 Anhilwada India
1%
1200 BC Ayodhya India
1%
1000 Hasa Saudi-Arabia
1%
1000 BC Hastinapura India
1%
800 BC Hastinapura India
1%
1100 Kalyan India
1%
622 AD Kanauj India
1%
622 AD Kanchi India
1%
900 AD Manyakheta India
1%
622 AD Pyay Myanmar
1%
430 BC Hsüeh China
0%
650 BC Kosambi India
0%
430 BC Yenhsiatu China
0%
No matching quizzes found
Score Distribution
Percent of People with Each Score
Percentile by Number Answered
Your Score History
You have not taken this quiz